Loading...

Post-colonial literatures in English: History, language theory /

Bibliographic Details
Main Author: Walder, Dennis
Format: Printed Book
Language:English
Published: Oxford: Blackwell publishers, 1998.
LEADER 00748nam a2200145Ia 4500
008 121027s9999 xx 000 0 eng d
020 |a 631194924 
082 |a 820.9  |b WAL/P 
100 |a Walder, Dennis 
245 |a Post-colonial literatures in English: History, language theory / 
260 |a Oxford:  |b Blackwell publishers,  |c 1998. 
300 |a 232p 
505 |a 1. Introducing the post-colonial 2. History 3. Language 4. Theory 5. Indo-Anglian fiction: Narayan and Sahgal 6. Caribbean and black British poetry 7. South African literature in the interregnum 8. After post-colonialism 
999 |c 53441  |d 53441 
952 |0 0  |1 0  |4 0  |6 820_900000000000000_WAL_P  |7 0  |9 53419  |a UL  |b UL  |c ST1  |d 2012-10-27  |l 15  |m 12  |o 820.9 WAL/P  |p 76670  |r 2021-03-05  |s 2020-02-29  |w 2012-10-27  |y BK